12 Ways Not to Say 'Bond' Quiz Stats

Quiz Updated Sep 22, 2016

Challenge
Share
Tweet
Embed
Score 0/12 Timer 01:00
7 Plays Today
% Correct
Band
95%
Bind
93.6%
Bend
93.2%
Bund
88.6%
Bone
82%
Fond
79.4%
Pond
77.5%
Bong
68.2%
Bold
67.8%
Bonk
61.3%
Bony
52.8%
Yond
37.6%

You're not logged in!

Compare scores with friends on all Sporcle quizzes.
Join for Free
OR
Log In

You Might Also Like...

Show Comments

Extras

Top Quizzes Today


Score Distribution

Your Account Isn't Verified!

In order to create a playlist on Sporcle, you need to verify the email address you used during registration. Go to your Sporcle Settings to finish the process.

Report this User

Report this user for behavior that violates our Community Guidelines.

Details: